| Tag |
First Indicator |
Second Indicator |
Subfields |
| LEADER |
00000cam a2200000 4500 |
| 001 |
in00000062712 |
| 005 |
20151008050624.0 |
| 008 |
780629s1955 nyu 00001 eng |
| 010 |
|
|
|a 55005465
|
| 035 |
|
|
|a (OCoLC)04018479
|
| 035 |
|
|
|9 AAG2198AM
|
| 040 |
|
|
|a DLC
|c IAI
|d TXA
|d UtOrBLW
|
| 049 |
|
|
|a TXAS
|c 1 [1102533], 2 [1102534]
|
| 050 |
0 |
0 |
|a PZ4.E46
|b Re
|
| 100 |
1 |
|
|a Elliott, H. Chandler
|q (Harry Chandler),
|d 1907-
|
| 245 |
1 |
0 |
|a Reprieve from paradise.
|
| 264 |
|
1 |
|a New York :
|b Gnome Press,
|c [1955]
|
| 264 |
|
4 |
|c [©1955]
|
| 300 |
|
|
|a 256 pages ;
|c 21 cm.
|
| 336 |
|
|
|a text
|b txt
|2 rdacontent
|
| 337 |
|
|
|a unmediated
|b n
|2 rdamedia
|
| 338 |
|
|
|a volume
|b nc
|2 rdacarrier
|
| 999 |
|
|
|a MARS
|
| 999 |
f |
f |
|s 2ddd010e-57a9-3139-afdc-1d977a0278af
|i 70f796e0-bf2c-3785-9bb4-21b666701164
|t 0
|
| 952 |
f |
f |
|p noncirc
|a Texas A&M University
|b College Station
|c Cushing Memorial Library & Archives
|d Cushing: Science Fiction (Does not check out)
|t 0
|e PZ4.E46 Re
|h Library of Congress classification
|i unmediated -- volume
|m A14800441994
|
| 952 |
f |
f |
|p noncirc
|a Texas A&M University
|b College Station
|c Cushing Memorial Library & Archives
|d Cushing: Science Fiction (Does not check out)
|t 0
|e PZ4.E46 Re
|h Library of Congress classification
|i unmediated -- volume
|m A14800442005
|
| 998 |
f |
f |
|a PZ4.E46 Re
|t 0
|l Cushing: Science Fiction (Does not check out)
|
| 998 |
f |
f |
|a PZ4.E46 Re
|t 0
|l Cushing: Science Fiction (Does not check out)
|